01403nam a22004337a 4500001001000000003000900010005001700019007000300036008003400039040005400073041001000127072002500137090001800162110012100180245007900301260003700380300001000417500007900427650001300506650002800519650001600547650001000563650001300573650001600586650002000602650001300622650000900635650002100644650001500665650002100680650002100701650001600722650001100738650001000749909003600759942000700795999001700802952015000819BR7310644BR-BrBNA20230928084214.0ta230509b bl.||||| |||| 00| 0 por d aBR-BrBNAbporcBiblioteca Nacional de Agricultura a(Por) aE30; F00; L00b/G514  E30 BR73106441 aSuperintendencia do Desenvolvimento do Estado do Ceara, Fortaleza (Brasil). Depto. de Desenvolvimento Micro-Regional1 aMetas administrativas. Baixio [fisiografia, solo, pecuaria, Ceara, Brasil]3 aFortaleza, CE (Brasil): c1973.  a37 p. aSuperintendencia do Desenvolvimento do Estado do Ceara, Fortaleza (Brazil) aDIRETRIZ aPOLITICA ADMINISTRATIVA aFISIOGRAFIA aSAUDE aEDUCACAO aURBANIZACAO aCOMERCIALIZACAO aPECUARIA aSOLO aPRATICA CULTURAL aTRANSPORTE aENERGIA ELETRICA aSANEAMENTO RURAL aCOMUNICACAO aBAIXIO aCEARA a202309bLuciac55dLucia Elande cBK c17450d17450 002AGRIS40708AGROBASEa41918b41918l0o E30 BR7310644pE30 BR7310644r2023-09-25t01yBK10d2023-09-25ePortaria Interministerial nÂș 164/94